[Event "Montreal op"]
[Site "Montreal CAN"]
[Date "2025.08.03"]
[Round "1.26"]
[White "Latreche, Sabrina"]
[Black "Fodil, Abderrahmane"]
[Result "1-0"]
[WhiteElo "1984"]
[BlackElo "1400"]
[WhiteFideId "-1"]
[WhiteFideId "-1"]
[PlyCount "109"]
[GameId "2219418654874682"]
[EventDate "2025.09.03"]
[EventType "swiss"]
[EventRounds "7"]
[EventCountry "CAN"]

1. e4 c6 2. d4 d5 3. exd5 cxd5 4. Bd3 Nc6 5. c3 Nf6 6. Bf4 e6 7. Nf3 Bd6 8. Bxd6 Qxd6 9. O-O O-O 10. Re1 h6 11. Ne5 Nd7 12. f4 Ndxe5 13. fxe5 Qd8 14. Nd2 Ne7 15. Qh5 f5 16. exf6 Rxf6 17. Nf3 Nf5 18. Ne5 Bd7 19. Ng4 Rf8 20. Qg6 Qg5 21. Qxg5 hxg5 22. Ne5 Be8 23. Nf3 Bd7 24. Nxg5 Rf6 25. Bxf5 Rxf5 26. Nxe6 Bc6 27. Nc5 Raf8 28. Rf1 b6 29. Rxf5 Rxf5 30. Nd3 Bb5 31. Ne5 Rf4 32. a4 Be8 33. a5 b5 34. Re1 Bh5 35. Nc6 Rf7 36. Ne7+ Kh8 37. Nxd5 Rf5 38. Ne7 Rg5 39. Kf2 Bf7 40. h4 Rh5 41. g3 Rh6 42. Re5 Bc4 43. Ke3 a6 44. d5 Rd6 45. Rh5+ Rh6 46. Rxh6+ gxh6 47. Kd4 Kg7 48. Nf5+ Kg6 49. Ne3 Be2 50. d6 Kf7 51. Nf5 Ke8 52. Nxh6 Kd7 53. Ke5 Bc4 54. Nf5 Be6 55. g4 1-0

[Event "Montreal op"]
[Site "Montreal CAN"]
[Date "2025.09.03"]
[Round "1.27"]
[White "Lalande, Auguste"]
[Black "Salman, Samer"]
[Result "0-1"]
[WhiteElo "1400"]
[BlackElo "1967"]
[WhiteFideId "-1"]
[WhiteFideId "-1"]
[PlyCount "90"]
[GameId "2219422582897733"]
[EventDate "2025.09.03"]
[EventType "swiss"]
[EventRounds "7"]
[EventCountry "CAN"]

1. e4 c5 2. d4 cxd4 3. c3 d3 4. Bxd3 d6 5. c4 Nc6 6. Nc3 Nf6 7. h3 e6 8. Nf3 Be7 9. O-O O-O 10. Qe2 a6 11. Rd1 Nd7 12. Be3 Qa5 13. Rac1 Nde5 14. Nxe5 dxe5 15. Bb1 Bc5 16. a3 Bd4 17. Rd3 b5 18. Na2 bxc4 19. Rxc4 Bd7 20. Nb4 Nxb4 21. axb4 Qa1 22. Qd1 Ba4 23. Bc2 Qxd1+ 24. Rxd1 Bb5 25. Rc7 Bxb2 26. Bb6 Rfd8 27. Rxd8+ Rxd8 28. Bb3 Bd4 29. Ba5 Rb8 30. Bc4 Bxc4 31. Rxc4 f5 32. Rc6 fxe4 33. Rxe6 Rf8 34. Bb6 Rf6 35. Rxf6 gxf6 36. Ba5 Kf7 37. Kf1 Ke6 38. Ke2 Kd5 39. Bd8 f5 40. f3 exf3+ 41. gxf3 Kc4 42. Be7 Bc3 43. Bd6 e4 44. fxe4 fxe4 45. Ke3 Bxb4 0-1

[Event "Montreal op"]
[Site "Montreal CAN"]
[Date "2025.09.04"]
[Round "2.2"]
[White "Moses, Neil"]
[Black "Migot, Tangi"]
[Result "1-0"]
[WhiteElo "2056"]
[BlackElo "2324"]
[WhiteFideId "-1"]
[WhiteFideId "-1"]
[PlyCount "173"]
[GameId "2219480985704194"]
[EventDate "2025.09.03"]
[EventType "swiss"]
[EventRounds "7"]
[EventCountry "CAN"]

1. e4 e5 2. Nf3 Nc6 3. Bb5 a6 4. Ba4 Nf6 5. O-O Be7 6. Re1 b5 7. Bb3 d6 8. c3 O-O 9. h3 Na5 10. Bc2 c5 11. d4 Qc7 12. Nbd2 Bd7 13. d5 c4 14. Nf1 Nb7 15. Ng3 a5 16. a3 Ra6 17. Be3 g6 18. Nh2 Re8 19. f4 Nc5 20. f5 b4 21. axb4 axb4 22. cxb4 Rxa1 23. Qxa1 Nd3 24. Bxd3 cxd3 25. fxg6 fxg6 26. Rc1 Qb7 27. Qa3 Bb5 28. Nf3 Bd8 29. Qa7 Qxa7 30. Bxa7 Nd7 31. Nf1 Nb8 32. Be3 Na6 33. Rc8 Bc7 34. Rxe8+ Bxe8 35. Bd2 Bb6+ 36. Kh2 Ba4 37. Bc3 Nc7 38. N1d2 Bb5 39. Kg3 h5 40. Nb3 Ne8 41. Bd2 Nf6 42. Ng5 Kf8 43. Na5 Ke7 44. b3 Bd4 45. Kf3 Bb6 46. Nc4 Bd4 47. Ne6 Nd7 48. Bg5+ Nf6 49. Nc7 Bd7 50. b5 Bc5 51. b6 Bc8 52. Be3 Nd7 53. Bxc5 Nxc5 54. b4 d2 55. Nxd2 Nd3 56. b5 Nb2 57. Na6 Kd7 58. Nb8+ Ke8 59. Nc6 Na4 60. Nc4 Kd7 61. Na7 Bb7 62. Na5 Nc5 63. N7c6 g5 64. Ke3 Bc8 65. Nc4 Bb7 66. N6a5 Ba8 67. Nd2 g4 68. h4 Kc8 69. Nf1 Na4 70. Nc4 Kd7 71. Ng3 Nc3 72. Nxh5 Nxb5 73. Nf6+ Ke7 74. Nxg4 Nc3 75. Na5 Bxd5 76. exd5 Nxd5+ 77. Ke4 Nxb6 78. Kf5 Kf7 79. Ne3 Kg7 80. g4 Nd7 81. g5 Nf8 82. h5 Kf7 83. Nac4 Ne6 84. Nxd6+ Ke7 85. Ne4 Nf4 86. h6 Kf7 87. g6+ 1-0

[Event "Montreal op"]
[Site "Montreal CAN"]
[Date "2025.09.04"]
[Round "2.3"]
[White "Chiku-Ratte, Olivier-Kenta"]
[Black "Yu, Jonathan"]
[Result "1-0"]
[WhiteElo "2319"]
[BlackElo "2052"]
[WhiteFideId "-1"]
[WhiteFideId "-1"]
[PlyCount "41"]
[GameId "2219480985745165"]
[EventDate "2025.09.03"]
[EventType "swiss"]
[EventRounds "7"]
[EventCountry "CAN"]

1. d4 b6 2. c4 e6 3. Nc3 Bb4 4. Bd2 Nf6 5. Nf3 O-O 6. e3 c5 7. Bd3 Bb7 8. a3 Bxc3 9. Bxc3 Be4 10. dxc5 Bxd3 11. Qxd3 bxc5 12. Ng5 g6 13. h4 d5 14. h5 d4 15. hxg6 fxg6 16. Nxh7 Kg7 17. Nxf8 Qxf8 18. exd4 Nc6 19. dxc5 Qxc5 20. Qd7+ Ne7 21. b4 1-0

[Event "Montreal op"]
[Site "Montreal CAN"]
[Date "2025.09.04"]
[Round "2.4"]
[White "Siegel, Adam"]
[Black "Latorre, Vincent"]
[Result "1/2-1/2"]
[WhiteElo "2051"]
[BlackElo "2319"]
[WhiteFideId "-1"]
[WhiteFideId "-1"]
[PlyCount "110"]
[GameId "2219480985753359"]
[EventDate "2025.09.03"]
[EventType "swiss"]
[EventRounds "7"]
[EventCountry "CAN"]

1. d4 Nf6 2. c4 g6 3. Nc3 Bg7 4. e4 d6 5. Bd3 e5 6. d5 a5 7. Nge2 Na6 8. O-O Bd7 9. f3 O-O 10. Bg5 Qe8 11. Ng3 h5 12. Qd2 Nh7 13. Bh6 Bxh6 14. Qxh6 Qe7 15. f4 exf4 16. Qxf4 Rae8 17. Nge2 Nc5 18. Bc2 Kg7 19. Nd4 Nf6 20. Rae1 Ng4 21. h3 Ne5 22. Re2 Bc8 23. b3 Ncd7 24. Ncb5 Nc5 25. Qd2 b6 26. a3 Na6 27. Kh2 a4 28. b4 Nxc4 29. Qc3 Ne5 30. Bxa4 Bd7 31. Bc2 Kg8 32. Kh1 Qh4 33. Ref2 Qg5 34. Rf4 Kh7 35. Bd1 Kg8 36. Be2 Ra8 37. Kh2 Rfc8 38. Nc6 Bxc6 39. dxc6 Re8 40. Nd4 Qe7 41. Rf6 Kg7 42. R6f4 Kg8 43. Kh1 Rf8 44. Qg3 Kh7 45. Rf6 Nb8 46. b5 Ra4 47. Qe3 Kg7 48. Nf5+ Kxf6 49. Nxe7+ Kxe7 50. Rf4 f6 51. Qb3 Rd4 52. Qc3 Ra4 53. Qb3 Rd4 54. Qc3 Ra4 55. Qb3 Rc4 1/2-1/2

[Event "Montreal op"]
[Site "Montreal CAN"]
[Date "2025.09.04"]
[Round "2.5"]
[White "Zhu, Hong Rui"]
[Black "Huang, Qiuyu"]
[Result "1-0"]
[WhiteElo "2212"]
[BlackElo "2043"]
[WhiteFideId "-1"]
[WhiteFideId "-1"]
[PlyCount "119"]
[GameId "2219480985757456"]
[EventDate "2025.09.03"]
[EventType "swiss"]
[EventRounds "7"]
[EventCountry "CAN"]

1. e4 c5 2. Nf3 Nc6 3. d4 cxd4 4. Nxd4 e5 5. Nb5 d6 6. Be2 Nf6 7. Bg5 Qa5+ 8. Qd2 Nxe4 9. Qxa5 Nxa5 10. Be3 Kd7 11. Nxa7 f5 12. f3 Nf6 13. Nc3 d5 14. Na4 Ke6 15. Nb5 Bd6 16. Bc5 Bxc5 17. Nc7+ Kd6 18. Nxa8 Be3 19. N8b6 Be6 20. b4 Nc6 21. c3 Bf7 22. Nc5 d4 23. Bc4 Bh5 24. Be6 Ke7 25. Nc4 b6 26. Nxe3 dxe3 27. Bxf5 bxc5 28. b5 Na5 29. Ke2 Nd5 30. Rhc1 Nc4 31. g3 Rf8 32. Be4 Nf6 33. Bd3 Nd6 34. Kxe3 Nd5+ 35. Kd2 c4 36. Bxh7 Rxf3 37. Rf1 Rxc3 38. Rae1 Ke6 39. b6 Ra3 40. Bg8+ Kd7 41. Rxe5 Rxa2+ 42. Ke1 Nc3 43. Rf4 Ra1+ 44. Kd2 Nce4+ 45. Rfxe4 Nxe4+ 46. Rxe4 Rb1 47. Be6+ Kd6 48. Bxc4 Rxb6 49. Ke3 Bg6 50. Re6+ Kc5 51. Rxb6 Kxb6 52. Kf4 Kc5 53. Kg5 Bc2 54. Be6 Kd4 55. Bf5 Bb3 56. Kg6 Ke3 57. Kxg7 Kf3 58. g4 Kf4 59. h4 Bd1 60. h5 1-0

[Event "Montreal op"]
[Site "Montreal CAN"]
[Date "2025.09.05"]
[Round "2.6"]
[White "Genzling, Jerome"]
[Black "Batorshyn, Ilia"]
[Result "1/2-1/2"]
[WhiteElo "2019"]
[BlackElo "2189"]
[WhiteFideId "-1"]
[WhiteFideId "-1"]
[PlyCount "131"]
[GameId "2219480985765649"]
[EventDate "2025.09.03"]
[EventType "swiss"]
[EventRounds "7"]
[EventCountry "CAN"]

1. e4 c6 2. Nf3 d5 3. Nc3 dxe4 4. Nxe4 Nf6 5. Qe2 Nxe4 6. Qxe4 Nd7 7. Bc4 Nf6 8. Ne5 e6 9. Qe2 b5 10. Bd3 Qc7 11. a4 Bd6 12. Nxc6 b4 13. Nd4 a6 14. Nf5 Bb7 15. Nxd6+ Qxd6 16. O-O h5 17. f3 Rc8 18. c3 Ng4 19. fxg4 hxg4 20. g3 Qc5+ 21. Qe3 Qd5 22. Be4 Qxe4 23. Qxe4 Bxe4 24. a5 bxc3 25. dxc3 Rc5 26. Be3 Rch5 27. Rf2 Rh3 28. Rd2 Rxg3+ 29. hxg3 Rh1+ 30. Kf2 Rxa1 31. Bb6 Rb1 32. Ke3 Bf3 33. Bc7 e5 34. Bxe5 Re1+ 35. Kf4 f6 36. Bc7 g6 37. Rd4 Kf7 38. Rd7+ Ke6 39. Rd6+ Ke7 40. Rd4 Ke6 41. Rd6+ Kf7 42. Rd4 Re7 43. Bd6 Re2 44. Bc7 Ke6 45. Rd6+ Ke7 46. Rd4 Rxb2 47. Ke3 g5 48. Bd8+ Ke6 49. Rb4 Re2+ 50. Kd3 Re5 51. Rb6+ Kd7 52. Bxf6 Rxa5 53. Kc4 Rf5 54. Kb4 Bc6 55. Bd4 a5+ 56. Kc4 Bd5+ 57. Kd3 Rf3+ 58. Kd2 Rxg3 59. Rb5 Rg2+ 60. Ke1 Bf3 61. Rxa5 Re2+ 62. Kf1 g3 63. Rxg5 g2+ 64. Kg1 Re1+ 65. Kf2 Rf1+ 66. Ke3 1/2-1/2

[Event "Montreal op"]
[Site "Montreal CAN"]
[Date "2025.09.04"]
[Round "2.7"]
[White "Guillemette, Hugo"]
[Black "Gelet, Seymour"]
[Result "1-0"]
[WhiteElo "2180"]
[BlackElo "2031"]
[WhiteFideId "-1"]
[WhiteFideId "-1"]
[PlyCount "83"]
[GameId "2219480985769746"]
[EventDate "2025.09.03"]
[EventType "swiss"]
[EventRounds "7"]
[EventCountry "CAN"]

1. d4 d5 2. c4 e6 3. cxd5 exd5 4. Nc3 Nf6 5. Bg5 Be7 6. Qc2 Be6 7. e3 Nbd7 8. Bd3 O-O 9. Nge2 c5 10. O-O h6 11. Bxf6 Nxf6 12. dxc5 Bxc5 13. Nd4 Bd6 14. Bf5 Qe7 15. Rac1 Rac8 16. Qd3 Ng4 17. Bxg4 Bxg4 18. Nf5 Bxf5 19. Qxf5 Qe5 20. Qxe5 Bxe5 21. Nxd5 Rxc1 22. Rxc1 Rd8 23. Rd1 Kf8 24. b3 Rc8 25. Kf1 Rc2 26. Nb4 Rc7 27. Nd3 Bc3 28. Rc1 g5 29. h3 b5 30. Ke2 a5 31. Nb2 Ke7 32. Nd1 Be5 33. Rxc7+ Bxc7 34. Nc3 Be5 35. Nxb5 Kd7 36. Kd3 Kc6 37. Kc4 Bh2 38. Nd4+ Kb6 39. Nf3 Bd6 40. Kd5 Be7 41. Ne5 Kb5 42. a4+ 1-0

[Event "Montreal op"]
[Site "Montreal CAN"]
[Date "2025.09.04"]
[Round "2.8"]
[White "Saine, Zachary"]
[Black "Sambuev, Bator"]
[Result "0-1"]
[WhiteElo "2068"]
[BlackElo "2431"]
[WhiteFideId "-1"]
[WhiteFideId "-1"]
[PlyCount "58"]
[GameId "2219480985769747"]
[EventDate "2025.09.03"]
[EventType "swiss"]
[EventRounds "7"]
[EventCountry "CAN"]

1. e4 e5 2. Nf3 Nc6 3. Bc4 Nf6 4. d3 h6 5. O-O d6 6. Re1 g6 7. a4 Bg7 8. Nc3 O-O 9. Nd5 Nxd5 10. Bxd5 Kh7 11. c3 Ne7 12. Ba2 f5 13. exf5 Nxf5 14. d4 Nh4 15. Nxh4 Qxh4 16. Be3 e4 17. Qc2 c6 18. d5 c5 19. Bc4 Bf5 20. a5 Rae8 21. Bf1 Re5 22. Qd2 Bd7 23. Be2 Rff5 24. g3 Qe7 25. c4 Rf7 26. b4 Ref5 27. bxc5 Bxa1 28. cxd6 Qf6 29. Bg4 Bc3 0-1

[Event "Montreal op"]
[Site "Montreal CAN"]
[Date "2025.09.04"]
[Round "2.9"]
[White "Darvekar, Yash"]
[Black "Gutierrez, Renzo"]
[Result "0-1"]
[WhiteElo "1989"]
[BlackElo "2172"]
[WhiteFideId "-1"]
[WhiteFideId "-1"]
[PlyCount "46"]
[GameId "2219480985773844"]
[EventDate "2025.09.03"]
[EventType "swiss"]
[EventRounds "7"]
[EventCountry "CAN"]

1. e4 e5 2. Nf3 Nc6 3. Bb5 a6 4. Bxc6 dxc6 5. O-O Qd6 6. b3 c5 7. d3 f6 8. Be3 Ne7 9. Nc3 Bg4 10. h3 Bh5 11. g4 Bf7 12. Kg2 Nc6 13. Nh4 Qd7 14. f4 exf4 15. Bg1 O-O-O 16. Na4 b6 17. Qf3 h5 18. Bf2 hxg4 19. hxg4 Be6 20. Ng6 Bxg4 21. Qxf4 Bd6 22. Qe3 Rh2+ 23. Kg1 Nd4 0-1

[Event "Montreal op"]
[Site "Montreal CAN"]
[Date "2025.09.04"]
[Round "2.10"]
[White "Kraiouchkine, Nikita"]
[Black "Latreche, Sabrina"]
[Result "1-0"]
[WhiteElo "2165"]
[BlackElo "1984"]
[WhiteFideId "-1"]
[WhiteFideId "-1"]
[PlyCount "83"]
[GameId "2219480985675512"]
[EventDate "2025.09.03"]
[EventType "swiss"]
[EventRounds "7"]
[EventCountry "CAN"]

1. e4 e5 2. Nf3 Nc6 3. Bb5 Nge7 4. O-O a6 5. Ba4 g6 6. c3 Bg7 7. d4 exd4 8. cxd4 b5 9. Bb3 d6 10. h3 O-O 11. Nc3 Na5 12. Be3 Nxb3 13. Qxb3 Be6 14. d5 Bd7 15. Bd4 c5 16. dxc6 Be6 17. Nd5 Bxd4 18. Nxd4 Rc8 19. c7 Rxc7 20. Nxe6 fxe6 21. Nxc7 Qxc7 22. Qxe6+ Kg7 23. Rac1 Qd8 24. e5 Nf5 25. exd6 Rf6 26. Rc7+ Kh6 27. Qd7 Qxd7 28. Rxd7 Nxd6 29. Rc1 Nc4 30. b3 Ne5 31. Rd5 Nc6 32. Rcd1 Nb4 33. Rd6 Rxd6 34. Rxd6 Nxa2 35. Rxa6 Nc1 36. b4 Nd3 37. Rb6 Nxb4 38. Rxb5 Nc6 39. f4 Nd4 40. Rb4 Nf5 41. g4 Ne7 42. Rb7 1-0

[Event "Montreal op"]
[Site "Montreal CAN"]
[Date "2025.09.04"]
[Round "2.11"]
[White "Salman, Samer"]
[Black "Adam, Rafael"]
[Result "0-1"]
[WhiteElo "1967"]
[BlackElo "2160"]
[WhiteFideId "-1"]
[WhiteFideId "-1"]
[PlyCount "96"]
[GameId "2219480985675513"]
[EventDate "2025.09.03"]
[EventType "swiss"]
[EventRounds "7"]
[EventCountry "CAN"]

1. e4 c6 2. d4 d5 3. Nc3 dxe4 4. Nxe4 Nd7 5. Nf3 Ngf6 6. Nxf6+ Nxf6 7. Bc4 Bf5 8. Ne5 e6 9. O-O Bd6 10. Qe2 O-O 11. Bg5 Qc7 12. Bf4 b5 13. Bb3 c5 14. c3 cxd4 15. cxd4 Qb7 16. Bg3 Rfd8 17. Rac1 Rac8 18. Rfd1 a6 19. f3 Nd5 20. Nd3 Bxd3 21. Qxd3 Bxg3 22. hxg3 Ne7 23. g4 Rxc1 24. Rxc1 Qb6 25. Qc3 Rxd4 26. Qc5 Qxc5 27. Rxc5 Kf8 28. Bc2 Rc4 29. Rxc4 bxc4 30. Bd1 Nd5 31. Be2 Nb6 32. Kf2 Ke7 33. Ke3 Kd6 34. b3 cxb3 35. axb3 a5 36. g5 Kc5 37. Bd3 g6 38. Bc2 e5 39. g3 Nd7 40. Bd3 f6 41. gxf6 Nxf6 42. Bc4 a4 43. Kd3 a3 44. Kc3 Nd5+ 45. Bxd5 Kxd5 46. b4 h5 47. Kb3 g5 48. Kxa3 h4 0-1

[Event "Montreal op"]
[Site "Montreal CAN"]
[Date "2025.09.04"]
[Round "2.12"]
[White "Gavrilin, Roman"]
[Black "Lima-Barbosa, Raphael"]
[Result "1-0"]
[WhiteElo "2148"]
[BlackElo "1925"]
[WhiteFideId "-1"]
[WhiteFideId "-1"]
[PlyCount "103"]
[GameId "2219480985675514"]
[EventDate "2025.09.03"]
[EventType "swiss"]
[EventRounds "7"]
[EventCountry "CAN"]

1. e4 c5 2. Nf3 Nc6 3. Bb5 e6 4. Bxc6 bxc6 5. d3 Ne7 6. Nbd2 Qc7 7. e5 a5 8. a4 Nf5 9. Nc4 d5 10. exd6 Bxd6 11. b3 O-O 12. Nxd6 Qxd6 13. O-O e5 14. Re1 f6 15. Nd2 Nd4 16. Ne4 Qd5 17. Ba3 Ne6 18. Qd2 f5 19. Nc3 Qd4 20. Re3 Rf6 21. Rae1 e4 22. Ne2 Qd5 23. Bb2 Rg6 24. Rg3 Rxg3 25. hxg3 exd3 26. Nf4 Nxf4 27. gxf4 Qd6 28. Re8+ Kf7 29. Re3 Ba6 30. Be5 Qd7 31. Rh3 Kg8 32. Rg3 g6 33. c4 Rd8 34. Bf6 Re8 35. Rxd3 Qe6 36. Be5 Bc8 37. Qxa5 g5 38. Qxc5 gxf4 39. Bxf4 Qe4 40. Re3 Qb1+ 41. Kh2 Rxe3 42. Qxe3 Qe4 43. Qg3+ Kf7 44. Qh4 Kg8 45. Qd8+ Kf7 46. Qc7+ Kg6 47. f3 Qe6 48. Be5 Qd7 49. Kg3 Qxc7 50. Bxc7 Kg5 51. Bd8+ Kg6 52. Kf4 1-0

[Event "Montreal op"]
[Site "Montreal CAN"]
[Date "2025.09.04"]
[Round "2.13"]
[White "Sun, Jonathan"]
[Black "Lai, Duc Minh"]
[Result "0-1"]
[WhiteElo "1790"]
[BlackElo "2121"]
[WhiteFideId "-1"]
[WhiteFideId "-1"]
[PlyCount "114"]
[GameId "2219480985675515"]
[EventDate "2025.09.03"]
[EventType "swiss"]
[EventRounds "7"]
[EventCountry "CAN"]

1. e4 c5 2. Nf3 Nc6 3. d4 cxd4 4. Nxd4 e5 5. Nb5 d6 6. N1c3 a6 7. Na3 Be7 8. Be2 Be6 9. Nd5 Nf6 10. Be3 Nxd5 11. exd5 Qa5+ 12. c3 Qxd5 13. Qxd5 Bxd5 14. O-O Be6 15. f4 f5 16. Bc4 d5 17. Bb3 e4 18. Bb6 Bd8 19. Bc5 Na5 20. Nc2 Rc8 21. Nd4 Kf7 22. Bd6 Bb6 23. Be5 Bxd4+ 24. Bxd4 Rhg8 25. Rad1 Nxb3 26. axb3 Bd7 27. g3 Bb5 28. Rf2 Bd3 29. b4 h6 30. Ra1 Ke6 31. Rd1 g5 32. Rdd2 Rc4 33. Rd1 Rgc8 34. Be3 Rg8 35. Bd4 g4 36. Be3 Rc7 37. Bd4 h5 38. Rdd2 h4 39. Rg2 Rh7 40. gxh4 Rxh4 41. Rg3 Rc8 42. Be3 Rc4 43. Bd4 Kd6 44. Be5+ Kd7 45. Bd4 Rh6 46. b3 Rc8 47. Ra2 Rhc6 48. h3 Rxc3 49. Bxc3 Rxc3 50. hxg4 fxg4 51. Rxg4 Rc1+ 52. Kf2 d4 53. Rg7+ Kc6 54. Rg8 e3+ 55. Kf3 Rf1+ 56. Kg2 e2 57. Ra5 e1=Q 0-1

[Event "Montreal op"]
[Site "Montreal CAN"]
[Date "2025.09.04"]
[Round "2.15"]
[White "Morin-Pare, Victor"]
[Black "Lesiege, Alexandre"]
[Result "0-1"]
[WhiteElo "1873"]
[BlackElo "2465"]
[WhiteFideId "-1"]
[WhiteFideId "-1"]
[PlyCount "90"]
[GameId "2219480985675517"]
[EventDate "2025.09.03"]
[EventType "swiss"]
[EventRounds "7"]
[EventCountry "CAN"]

1. d4 Nf6 2. Nc3 d5 3. Bf4 c5 4. e4 Nxe4 5. Nxe4 dxe4 6. dxc5 Qa5+ 7. c3 Qxc5 8. Qa4+ Nc6 9. Qxe4 g6 10. Nf3 Bg7 11. Qe3 Qxe3+ 12. Bxe3 O-O 13. Bc4 Na5 14. Be2 Be6 15. Bd4 Bh6 16. O-O Rfc8 17. Ne5 f6 18. Bg4 Bf5 19. Bxf5 gxf5 20. Nd3 e5 21. Be3 f4 22. Bc1 Rd8 23. Nc5 Bf8 24. Ne6 Rd3 25. Nxf8 Rxf8 26. g3 f3 27. Be3 b6 28. Rfd1 Rfd8 29. Rxd3 Rxd3 30. b3 Rxc3 31. Rc1 Rxc1+ 32. Bxc1 Nc6 33. g4 Nb4 34. a3 Nc2 35. Bb2 Kf7 36. h4 Ke6 37. Kh2 Kd5 38. Kg3 Ke4 39. g5 fxg5 40. hxg5 a5 41. Kg4 Ne3+ 42. Kg3 Nf5+ 43. Kg4 Nd4 44. b4 a4 45. Kg3 Kd3 0-1

[Event "Montreal op"]
[Site "Montreal CAN"]
[Date "2025.09.04"]
[Round "2.16"]
[White "Chabot, Roland"]
[Black "Lawson, Eric"]
[Result "0-1"]
[WhiteElo "2043"]
[BlackElo "2199"]
[WhiteFideId "-1"]
[WhiteFideId "-1"]
[PlyCount "50"]
[GameId "2219480985675518"]
[EventDate "2025.09.03"]
[EventType "swiss"]
[EventRounds "7"]
[EventCountry "CAN"]

1. d4 Nf6 2. Nf3 a6 3. Bg5 b5 4. Nbd2 Bb7 5. c3 e6 6. e4 h6 7. Bxf6 Qxf6 8. Bd3 c5 9. O-O Nc6 10. d5 Ne5 11. Nxe5 Qxe5 12. f4 Qc7 13. c4 exd5 14. exd5 b4 15. Qe2+ Kd8 16. Rae1 Qa5 17. Qe8+ Kc7 18. Qxf7 Qxa2 19. Bf5 Rd8 20. Re8 Rxe8 21. Qxd7+ Kb6 22. Qxe8 Qxb2 23. Qd8+ Ka7 24. Qc7 Qxd2 25. Bc8 Qe3+ 0-1

[Event "Montreal op"]
[Site "Montreal CAN"]
[Date "2025.09.04"]
[Round "2.17"]
[White "Nicula, Marius"]
[Black "Charaf, Bassel"]
[Result "1-0"]
[WhiteElo "2155"]
[BlackElo "2003"]
[WhiteFideId "-1"]
[WhiteFideId "-1"]
[PlyCount "75"]
[GameId "2219480985675519"]
[EventDate "2025.09.03"]
[EventType "swiss"]
[EventRounds "7"]
[EventCountry "CAN"]

1. Nf3 d5 2. g3 Nf6 3. Bg2 g6 4. b3 Bg7 5. Bb2 c5 6. O-O Nc6 7. Ne5 Nxe5 8. Bxe5 O-O 9. d4 Qa5 10. dxc5 Bf5 11. Qd4 Rac8 12. b4 Qa6 13. Nc3 Rfd8 14. Nxd5 Nxd5 15. Bxd5 Bxe5 16. Qxe5 Bxc2 17. a4 b6 18. b5 Qa5 19. c6 Qb4 20. Rfc1 Bf5 21. c7 Rd7 22. Bb7 f6 23. Qxf5 gxf5 24. Bxc8 Rxc7 25. Rxc7 Qd4 26. Be6+ Kg7 27. Ra2 Qe4 28. Rc6 Qb1+ 29. Kg2 Qe4+ 30. f3 Qe5 31. Bc4 f4 32. Re6 Qc3 33. Rxe7+ Kf8 34. Re4 fxg3 35. hxg3 f5 36. Rf4 Ke7 37. Bd3 Qb3 38. Rc2 1-0

[Event "Montreal op"]
[Site "Montreal CAN"]
[Date "2025.09.04"]
[Round "2.18"]
[White "Jutras, Arnaud"]
[Black "Iordanescu, Victor Nicolae"]
[Result "1/2-1/2"]
[WhiteElo "1720"]
[BlackElo "2057"]
[WhiteFideId "-1"]
[WhiteFideId "-1"]
[PlyCount "117"]
[GameId "2219480985704192"]
[EventDate "2025.09.03"]
[EventType "swiss"]
[EventRounds "7"]
[EventCountry "CAN"]

1. Nf3 Nf6 2. g3 d5 3. Bg2 e6 4. O-O Be7 5. c4 O-O 6. b3 c5 7. cxd5 exd5 8. d4 b6 9. Bb2 Bb7 10. Nc3 Nbd7 11. Rc1 Rc8 12. e3 Re8 13. Re1 Ne4 14. Nxe4 dxe4 15. Ne5 Nxe5 16. dxe5 Qxd1 17. Rexd1 Red8 18. Bf1 Kf8 19. Bc4 a6 20. a4 Ra8 21. Bc3 Bc6 22. Rxd8+ Bxd8 23. Ra1 a5 24. Rd1 Bc7 25. Kf1 Ke7 26. h4 Rd8 27. Rxd8 Bxd8 28. Ke1 Bc7 29. Kd2 Bd7 30. Kc2 Be6 31. Ba6 Bd5 32. Bc8 h5 33. Bb2 Kf8 34. Ba6 Ke7 35. Bc8 Kf8 36. Ba6 Bd8 37. Be2 g6 38. Bc3 Ke7 39. Ba6 Kd7 40. Bb5+ Ke6 41. Bf1 Bc7 42. Bh3+ Ke7 43. Bf1 Ke6 44. Bh3+ Ke7 45. Bf1 Kd7 46. Bh3+ Ke8 47. Bf1 Kf8 48. Bb5 Kg8 49. Bf1 Kh7 50. Bc4 Bxc4 51. bxc4 Kg8 52. e6 f5 53. Bf6 Kf8 54. Bg5 Ke8 55. Bf4 Bxf4 56. gxf4 Ke7 57. Kc3 Kxe6 58. Kd2 Kd6 59. Kc3 1/2-1/2

[Event "Montreal op"]
[Site "Montreal CAN"]
[Date "2025.09.04"]
[Round "2.19"]
[White "Trofimov-Malyshkin, Valentyn"]
[Black "Nagelberg, Alan"]
[Result "1-0"]
[WhiteElo "1964"]
[BlackElo "1881"]
[WhiteFideId "-1"]
[WhiteFideId "-1"]
[PlyCount "53"]
[GameId "2219480985704193"]
[EventDate "2025.09.03"]
[EventType "swiss"]
[EventRounds "7"]
[EventCountry "CAN"]

1. d4 d5 2. c4 dxc4 3. e3 Nc6 4. Bxc4 e5 5. Qb3 Nh6 6. Nf3 e4 7. Nfd2 f5 8. a3 Qg5 9. g3 Bd6 10. Nc3 a6 11. Ne2 b5 12. Bd5 Bb7 13. Nc4 Ke7 14. Nxd6 cxd6 15. Nf4 Rhc8 16. Bd2 Qg4 17. Bxc6 Qf3 18. O-O Rxc6 19. Qe6+ Kf8 20. Qd7 Re8 21. Qxb7 Rc2 22. Rac1 Rxd2 23. Rc8 Rxc8 24. Qxc8+ Kf7 25. Qd7+ Kf6 26. Qe6+ Kg5 27. Qe7+ 1-0

[Event "Montreal op"]
[Site "Montreal CAN"]
[Date "2025.09.04"]
[Round "2.20"]
[White "Chapdelaine, Gwyn"]
[Black "Nassar, Marc"]
[Result "1-0"]
[WhiteElo "1884"]
[BlackElo "1946"]
[WhiteFideId "-1"]
[WhiteFideId "-1"]
[PlyCount "115"]
[GameId "2219480985712387"]
[EventDate "2025.09.03"]
[EventType "swiss"]
[EventRounds "7"]
[EventCountry "CAN"]

1. e4 c5 2. Nc3 e6 3. d4 cxd4 4. Qxd4 Nc6 5. Qd3 Nf6 6. Bf4 Bb4 7. Nge2 d5 8. O-O-O Nxe4 9. Nxe4 dxe4 10. Qxe4 Qa5 11. Kb1 O-O 12. Nc1 f5 13. Qc4 Kh8 14. Nb3 Qb6 15. Be3 Qc7 16. g3 Be7 17. Bg2 e5 18. f4 e4 19. g4 fxg4 20. Bxe4 Bf5 21. Bxf5 Rxf5 22. Qe6 Qc8 23. Qxc8+ Rxc8 24. Rd7 b6 25. Rhd1 Kg8 26. c3 Rd8 27. Rxd8+ Bxd8 28. Rd7 Rf7 29. Rd6 Rf6 30. Rd7 Re6 31. Rd3 Bc7 32. Rd7 Re7 33. Rd3 h5 34. Kc2 Rf7 35. Nd4 Nxd4+ 36. Rxd4 h4 37. Kd2 h3 38. Ke2 b5 39. Kf2 Bb6 40. Re4 Bxe3+ 41. Rxe3 Rxf4+ 42. Kg3 Ra4 43. a3 Kf7 44. Re5 a6 45. Rg5 Re4 46. Rxg4 Re2 47. Rb4 Ke6 48. Kxh3 Kd5 49. a4 Kc5 50. axb5 a5 51. Ra4 Kxb5 52. Ra2 a4 53. Kg3 Rc2 54. h4 Rd2 55. h5 Re2 56. Kg4 Rh2 57. Kg5 Ka5 58. b4+ 1-0

[Event "Montreal op"]
[Site "Montreal CAN"]
[Date "2025.09.04"]
[Round "2.21"]
[White "Ramesan, Raunak Amit"]
[Black "Ang, Alan"]
[Result "1-0"]
[WhiteElo "1877"]
[BlackElo "1938"]
[WhiteFideId "-1"]
[WhiteFideId "-1"]
[PlyCount "135"]
[GameId "2219480985712388"]
[EventDate "2025.09.03"]
[EventType "swiss"]
[EventRounds "7"]
[EventCountry "CAN"]

1. e4 g6 2. d4 Bg7 3. Nf3 c5 4. dxc5 Qa5+ 5. c3 Qxc5 6. Na3 Nf6 7. Be3 Qa5 8. Nc4 Qc7 9. e5 Ng4 10. Bf4 Nc6 11. Qe2 O-O 12. h3 b5 13. hxg4 bxc4 14. Qe3 d5 15. Bh6 Bxe5 16. Nxe5 Qxe5 17. Qxe5 Nxe5 18. Bxf8 Kxf8 19. Rxh7 Kg8 20. Rh1 Bxg4 21. f4 Nc6 22. Be2 Bf5 23. Bf3 e6 24. g4 Bd3 25. O-O-O g5 26. f5 Ne5 27. Bg2 Nxg4 28. fxe6 Nf2 29. exf7+ Kg7 30. Rh5 Nxd1 31. Rxg5+ Bg6 32. Kxd1 Rb8 33. Bxd5 Rd8 34. Kc1 Kf6 35. Rg2 Ke7 36. Rxg6 Rxd5 37. Rc6 Kxf7 38. Rxc4 Ke6 39. Kc2 Rh5 40. Rd4 a5 41. a3 Rh2+ 42. Kb3 Rg2 43. Rd1 a4+ 44. Ka2 Rg4 45. Rd2 Ke5 46. Rd8 Rh4 47. Rb8 Kd5 48. Rb4 Rh2 49. Rxa4 Kc5 50. Rg4 Kb5 51. a4+ Ka5 52. Ka3 Rh1 53. b4+ Kb6 54. Rg6+ Kb7 55. Kb3 Rb1+ 56. Kc4 Rh1 57. a5 Rh4+ 58. Kb3 Rh5 59. c4 Rh3+ 60. Ka4 Rh1 61. Kb5 Rh5+ 62. c5 Rf5 63. Rg7+ Kb8 64. Kb6 Rf6+ 65. c6 Rf8 66. Rb7+ Ka8 67. Ra7+ Kb8 68. c7+ 1-0